Any Güell : el Palau Güell secret el Palau Güell secret
Descripción Física:
1 tríptic ; il. col. ; 15 x 21 cm
Otros Autores:
Manent, Ramon, 1948-
Materias:
Palau Güell (Barcelona)
Idioma:
Catalán
MARC
| LEADER | 00000nam a22000007a 4500 | ||
|---|---|---|---|
| 001 | 25066 | ||
| 008 | 211129b spa||||| |||| 00| 0 cat d | ||
| 017 | |a B 10411-2018 | ||
| 080 | |a FU-67-107 | ||
| 245 | |a Any Güell : |b el Palau Güell secret | ||
| 260 | |a Barcelona : |b Palau Güell : |b Diputació de Barcelona ; |c 2018 | ||
| 300 | |a 1 tríptic ; |b il. col. ; |c 15 x 21 cm | ||
| 500 | |a També en castellà: "Año Güell : el Palau Güell secreto" (R. 25067) | ||
| 610 | 2 | 0 | |a Palau Güell (Barcelona) |9 17034 |
| 700 | |a Manent, Ramon, |d 1948- |e fotògraf |9 39599 | ||
| 710 | 2 | |a Palau Güell (Barcelona) |9 17034 | |
| 942 | |2 udc |c ARXIU |n 1 | ||
| 952 | |0 0 |1 0 |2 udc |4 0 |6 FU67107 |7 1 |9 60880 |a Arxiu |b Arxiu |d 2021-11-29 |l 0 |o FU-67-107 |p 25066 |r 2021-11-29 00:00:00 |w 2021-11-29 |y ARXIU | ||
| 952 | |0 0 |1 0 |2 udc |4 0 |6 FU7329 |7 0 |9 64216 |a Arxiu |b Arxiu |d 2022-11-16 |l 0 |o FU-73-29 |p 26930 |r 2022-11-16 00:00:00 |w 2022-11-16 |y ARXIU | ||
| 952 | |0 0 |1 0 |2 udc |4 0 |6 PDL |7 1 |9 64217 |a Arxiu |b Arxiu |d 2022-11-16 |l 0 |o PDL |p 26931 |r 2022-11-16 00:00:00 |w 2022-11-16 |y ARXIU | ||
| 999 | |c 81006 |d 81006 | ||